000 00889nam a2200265Ia 4500
003 OSt
005 20220923211005.0
006 a|||||r|||| 00| 0
007 ta
008 220922b |||||||| |||| 00| 0 kan d
020 _a8170165490
_c595
024 _a280,020
037 _b20310, 22/02/2014, Prashant Book Distributors
_cTextual
040 _aARTS
_cARTS
_bkan
041 _2kan
_akan
082 _aO33,3N34w,1, 152Q1
100 _aभैरप्पा
_9156280
245 0 _aभित्ति
246 _aBhitti
260 _aनयी दिल्ली
_b किताबघर प्रकाशन
_c2011
300 _a496पृ0
_ccm.
650 _aकन्नड़ साहित्य
_9156264
942 _hO33,3N34w,1, 152Q1
_cTEXL
_2CC
999 _c293602
_d293602